| 000 | 00429nam a2200181Ia 4500 | ||
|---|---|---|---|
| 008 | 230524s9999 xx 000 0 und d | ||
| 020 | _a0199539723 | ||
| 082 |
_a381.142 _bBRY |
||
| 100 | _aAlan Bryman | ||
| 245 | 0 | _aBusiness Research Methods | |
| 250 | _a2ND | ||
| 260 |
_aNEW DELHI _bOxford _c2008 |
||
| 300 | _aXIV;767 | ||
| 500 | _aQuantity Number: 10 | ||
| 650 | _aManagement | ||
| 700 | _a Emma Bell | ||
| 942 | _cBK | ||
| 999 |
_c42115 _d42115 |
||